000 00586nam a2200145 i 4500
001 160771
003 ES-MaACL
005 20230906212125.0
008 050906s1876 fr | |||||||| ||fre d
040 _aCAM
_bspa
_cCAM
245 0 0 _aNotice de livres classiques a l'usage 1º de l'enseignement secondaire (lycées, colléges, séminaires, institutions et pensions), 2º de l'enseignement supérieur.
260 _aParis :
_bLibrairie Hachette et C.,
_c1876 (
_fImprimerie Vieville et Capiomont)
300 _a24 p. ;
_c19 cm.
852 _aES-MaACL
_jD-3181(2)
_z-- Rúst. muy deteriorada
999 _c160771
_d160771